[Event "GEO-chT Club"]
[Site "Tbilisi"]
[Date "2017.12.05"]
[Round "7.2"]
[White "Magalashvili, Davit"]
[Black "Zardiashvili, Akaki"]
[Result "1-0"]
[WhiteElo "2496"]
[BlackElo "1880"]
[PlyCount "83"]
[EventDate "2017.11.29"]
[EventType "team-tourn"]
[EventRounds "7"]
[EventCountry "GEO"]
[SourceTitle "EXT 2019"]
[Source "ChessBase"]
[SourceDate "2018.10.10"]
[SourceVersion "1"]
[SourceVersionDate "2018.10.10"]
[SourceQuality "1"]
[WhiteTeam "Batumi Nona"]
[BlackTeam "Kakheti"]
[WhiteTeamCountry "GEO"]
[BlackTeamCountry "GEO"]

1. Nf3 d5 2. g3 Nf6 3. Bg2 c5 4. 0-0 Nc6 5. d4 e6 6. c4 Be7 7. Nc3 0-0 8. cxd5 exd5 9. dxc5 Bxc5 10. Na4 Bd6 11. Be3 Re8 12. Rc1 Qa5 13. Bc5 Bc7 14. b4 Qb5 15. Nc3 Qc4 16. Nd4 Nxd4 17. Bxd4 Bd8 18. Bxf6 gxf6 19. Nxd5 Qxa2 20. Qd4 Qxe2 21. Nxf6+ Bxf6 22. Qxf6 Qe7 23. Qf4 Qe5 24. Qh4 Qe7 25. Qf4 Qe5 26. Qh6 Re6 27. Qh4 Bd7 28. Bh3 f5 29. Rc5 Qe4 30. Bxf5 Qxh4 31. Bxe6+ Bxe6 32. gxh4 Kf7 33. Rfc1 b6 34. Rc7+ Kf6 35. f3 a5 36. b5 a4 37. R7c6 Kf5 38. Rxb6 a3 39. Rc5+ Kf4 40. Rxe6 a2 41. Kf2 a1Q 42. Re4# 1-0

[Event "GEO-chT Club"]
[Site "Tbilisi"]
[Date "2017.12.02"]
[Round "4.2"]
[White "Zardiashvili, Akaki"]
[Black "Quparadze, Giga"]
[Result "0-1"]
[WhiteElo "1880"]
[BlackElo "2515"]
[PlyCount "68"]
[EventDate "2017.11.29"]
[EventType "team-tourn"]
[EventRounds "7"]
[EventCountry "GEO"]
[SourceTitle "CBM 181 Extra"]
[Source "ChessBase"]
[SourceDate "2017.12.12"]
[SourceVersion "1"]
[SourceVersionDate "2017.12.12"]
[SourceQuality "1"]
[WhiteTeam "Kakheti"]
[BlackTeam "Tbilisi"]
[WhiteTeamCountry "GEO"]
[BlackTeamCountry "GEO"]

1. e4 c5 2. Nf3 e6 3. Be2 Nc6 4. 0-0 a6 5. d4 cxd4 6. Nxd4 Qc7 7. Be3 Nf6 8. Nd2 d5 9. Bf3 Ne5 10. exd5 Nxf3+ 11. Qxf3 Nxd5 12. c4 Nxe3 13. fxe3 Bd6 14. Ne4 Bxh2+ 15. Kh1 Be5 16. Qh5 0-0 17. Nf3 f5 18. Neg5 h6 19. Qg6 hxg5 20. Nxg5 Rf6 21. Qe8+ Rf8 22. Qg6 Rf7 23. Rad1 Bf6 24. Rf3 Bxg5 25. Qxg5 Bd7 26. Rh3 Rf6 27. Rd4 Kf7 28. Rh7 Rg6 29. Rxg7+ Rxg7 30. Qh5+ Kg8 31. Rh4 Bc6 32. Qh8+ Kf7 33. Qh5+ Ke7 34. Rd4 Bxg2+ 0-1